Welcome to CU Library Online Public Access Catalogue (OPAC)

Business statistics in practice / (Record no. 8269)

MARC details
000 -LEADER
fixed length control field 01274cam a22003134a 4500
001 - CONTROL NUMBER
control field 14075811
005 - DATE AND TIME OF LATEST TRANSACTION
control field 20251117142400.0
008 - FIXED-LENGTH DATA ELEMENTS--GENERAL INFORMATION
fixed length control field 050816s2007 nyua b 001 0 eng
020 ## - INTERNATIONAL STANDARD BOOK NUMBER
International Standard Book Number 9780072977479
020 ## - INTERNATIONAL STANDARD BOOK NUMBER
International Standard Book Number 0072977477
Qualifying information alk. paper
020 ## - INTERNATIONAL STANDARD BOOK NUMBER
International Standard Book Number 9780073191867
Qualifying information CD-ROM
020 ## - INTERNATIONAL STANDARD BOOK NUMBER
International Standard Book Number 0073191868
Qualifying information CD-ROM
050 00 - LIBRARY OF CONGRESS CALL NUMBER
Classification number HF1017
Item number .B654 2007
082 00 - DEWEY DECIMAL CLASSIFICATION NUMBER
Classification number 519.5/024/65
Edition information 22
100 1# - MAIN ENTRY--PERSONAL NAME
Personal name Bowerman, Bruce L.
245 10 - TITLE STATEMENT
Title Business statistics in practice /
Statement of responsibility, etc. Bruce L. Bowerman, Richard T. O'Connell ; with MegaStat and other contributions by J. Burdeane Orris.
250 ## - EDITION STATEMENT
Edition statement 4th ed.
260 ## - PUBLICATION, DISTRIBUTION, ETC.
Place of publication, distribution, etc. Boston :
Name of publisher, distributor, etc. McGraw-Hill/Irwin,
Date of publication, distribution, etc. c2007.
300 ## - PHYSICAL DESCRIPTION
Extent xxi, 881 p. :
Other physical details col. ill. ;
Dimensions 28 cm. +
Accompanying material 1CD-ROM (3 1/2 in.)
440 #4 - SERIES STATEMENT/ADDED ENTRY--TITLE
Title The McGraw-Hill/Irwin series operations and decision sciences
650 #0 - SUBJECT ADDED ENTRY--TOPICAL TERM
Topical term or geographic name entry element Commercial statistics.
650 #0 - SUBJECT ADDED ENTRY--TOPICAL TERM
Topical term or geographic name entry element Statistics.
700 1# - ADDED ENTRY--PERSONAL NAME
Personal name O'Connell, Richard T.
700 1# - ADDED ENTRY--PERSONAL NAME
Personal name Orris, J. B.
856 41 - ELECTRONIC LOCATION AND ACCESS
Materials specified Table of contents only
Uniform Resource Identifier <a href="http://www.loc.gov/catdir/enhancements/fy0625/2005053422-t.html">http://www.loc.gov/catdir/enhancements/fy0625/2005053422-t.html</a>
856 42 - ELECTRONIC LOCATION AND ACCESS
Materials specified Publisher description
Uniform Resource Identifier <a href="http://www.loc.gov/catdir/enhancements/fy0710/2005053422-d.html">http://www.loc.gov/catdir/enhancements/fy0710/2005053422-d.html</a>
856 42 - ELECTRONIC LOCATION AND ACCESS
Materials specified Contributor biographical information
Uniform Resource Identifier <a href="http://www.loc.gov/catdir/enhancements/fy0737/2005053422-b.html">http://www.loc.gov/catdir/enhancements/fy0737/2005053422-b.html</a>
942 ## - ADDED ENTRY ELEMENTS (KOHA)
Source of classification or shelving scheme Library of Congress Classification
Koha item type Books
Edition 4TH
Suppress in OPAC No
999 ## -
-- 8269
-- 8269
Holdings
Withdrawn status Lost status Source of classification or shelving scheme Damaged status Not for loan Collection Home library Current library Shelving location Date acquired Total checkouts Full call number Barcode Date last seen Copy number Price effective from Koha item type Public note
    Library of Congress Classification     Non-fiction Undergraduate Library (Christ Temple) Undergraduate Library (Christ Temple) General stacks 11/17/2025   HF 1017 BOW GSCT0000001797 11/17/2025 1 11/17/2025 Books EAQ
© 2023-2024 Copyright: Central University Libraries. All Rights Reserved | Created by: Mahone Tech Office